| 000 | 01420nam a22002655i 4500 | ||
|---|---|---|---|
| 001 | 154008 | ||
| 003 | ES-MaACL | ||
| 005 | 20230906205458.0 | ||
| 008 | 950524s1760 gw |||| | lat d | ||
| 040 |
_aCAM _bspa _cCAM |
||
| 100 | 1 |
_aFabricius, Johann Albert. _948577 |
|
| 245 | 1 | 0 |
_aIo. Alberti Fabricii... Bibliographia antiquaria sive introductio in notitiam scriptorum qui antiquitates hebraicas graecas romanas et christianas scriptis illustrarunt _b: [volumen primum-secundum]. |
| 250 | _aEditio tertia ex mscpto B. auctorus insigniter locupletata et recentissimorum scriptorum recensione / aucta studio et opera Pauli Schaffshausen P.P. | ||
| 260 |
_aHamburgi : _bapud Ioannem Carolum Bohn, _c1760. |
||
| 300 |
_a2 v. ([16], 630 [i.e. 626] ; [631]-1039, [117] p., [1] h. de grab.) ; _c4º. |
||
| 530 | _aDisponible en formato digital. | ||
| 595 | _aDatos de ed. preceden a mención de resp. | ||
| 597 | _aSign.: [ ]1, *4, 2*3, A-3Z4, 4A-4I4, 4K1; A3, B-Z4, 2A-2Z4, 3A-3T4, 3V6. | ||
| 597 | _aError de pag., de p. 536 pasa a la 540. | ||
| 599 | _aLa h. de lám., grabado xilográfico a toda plana. | ||
| 650 | 4 |
_aLiteratura clásica- _vBibliografías . _9157581 |
|
| 700 | 1 |
_aSchaffshausen, Paulus. _9132532 |
|
| 852 |
_aES-MaACL _jR-1068 _z-- Enc. piel no original de la época _x Olim: G-6885 |
||
| 856 |
_uhttp://bdh-rd.bne.es/viewer.vm?id=0000086720&page=1 _zBiblioteca Digital Hispánica |
||
| 999 |
_c154008 _d154008 |
||